Statistics for Players Played The Most Games in SSC Napoli

Click here to take the quiz!

General Stats

  • This quiz has been taken 14 times
  • The average score is 6 of 10

Answer Stats

HintAnswer% Correct
397Dries Mertens
100%
434Lorenzo Insigne
100%
520Marek Hamsik
100%
349Jose Callejon
75%
317Kalidou Koulibaly
67%
507Guiseppe Bruscolotti
50%
331Piotr Zielinski
25%
500Antonio Juliano
17%
319Ciro Ferrera
8%
395Moreno Ferrario
8%

Score Distribution

Percentile by Number Answered

Percent of People with Each Score

Your Score History

You have not taken this quiz